Behaviorálne postrčenia vo verejných politikách analytický pohľad na aplikáciu behaviorálnych konceptov do tvorby politík

Saved in:
Bibliographic Details
Main Author: Kľúčiková, Katarína
Corporate Author: Národohospodárska fakulta EU. Katedra ekonómie
Other Authors: Matoušková, Eleonóra, 1962-
Format: Book
Language:Slovak
Published: Bratislava 2025
Tags: Add Tag
No Tags, Be the first to tag this record!

MARC

LEADER 00000nbm a2200000 4500
001 0312249
005 20251210132121.9
041 0 |a slo 
044 |a SK 
245 1 0 |a Behaviorálne postrčenia vo verejných politikách  |b analytický pohľad na aplikáciu behaviorálnych konceptov do tvorby politík  |c Katarína Kľúčiková ; školiteľ: Eleonóra Matoušková 
264 1 |a Bratislava  |c 2025 
300 |a 94 s. 
100 1 |a Kľúčiková, Katarína 
700 1 |a Matoušková, Eleonóra, 1962- 
710 2 |a Národohospodárska fakulta EU. Katedra ekonómie